The World since 1945 : (Record no. 12888)

000 -LEADER
fixed length control field 00607cam a2200205 a 4500
020 ## - INTERNATIONAL STANDARD BOOK NUMBER
ISBN 1555878997 (pbk. : alk. paper)
040 ## - CATALOGING SOURCE
Transcribing agency DLC
082 00 - DEWEY DECIMAL CLASSIFICATION NUMBER
Classification number 327 LYN 2001 A014 Or.
100 1# - MAIN ENTRY--AUTHOR NAME
Personal name McWilliams, Wayne C.
245 14 - TITLE STATEMENT
Title The World since 1945 :
Remainder of title a history of international relations /
250 ## - EDITION STATEMENT
Edition statement 5th ed.
260 ## - PUBLICATION, DISTRIBUTION, ETC. (IMPRINT)
Place of publication Boulder, Co. :
Name of publisher Lynne Rienner Publishers,
Year of publication 2001.
300 ## - PHYSICAL DESCRIPTION
Number of Pages xi, 628 p.:
Other physical details ill. ;
Dimensions 23 cm.
650 #0 - SUBJECT ADDED ENTRY--TOPICAL TERM
Topical Term World politics
650 #0 - SUBJECT ADDED ENTRY--TOPICAL TERM
Topical Term World politics
650 #0 - SUBJECT ADDED ENTRY--TOPICAL TERM
Topical Term International relations.
650 #0 - SUBJECT ADDED ENTRY--TOPICAL TERM
Topical Term Military history, Modern
700 1# - ADDED ENTRY--PERSONAL NAME
Personal name Piotrowski, Harry.
942 ## - ADDED ENTRY ELEMENTS (KOHA)
Koha item type សៀវភៅភាសាអង់គ្លេស
952 ## - LOCATION AND ITEM INFORMATION (KOHA)
Withdrawn status [LOCAL, KOHA] 0
Holdings
Permanent Location Date acquired Koha item type Lost status Shelving location Barcode Current Location Full call number
Library Block A2017-08-18សៀវភៅភាសាអង់គ្លេស A014A18652Library Block A327 LYN 2001 A014 Or.
មជ្ឈមណ្ឌលឯការនៃសាកលវិទ្យាល័យភូមិន្ទកសិកម្មចំការដូង

Powered by Koha